Der Herr der Ringe - Galadriels erste Worte - Statistiken

Allgemein
  • Dieses Quiz wurde 528 mal gespielt
  • Das Durchschnittsergebnis liegt bei 279 aus 434
Antwortstatistiken
Antwort % Korrekt
Ring
92%
Ring,
92%
Ring.
92%
sie
91%
Die
89%
die
89%
ein
89%
Ein
89%
der
88%
Der
88%
Elben
88%
in
88%
In
88%
Menschen
87%
den
86%
Er
86%
er
86%
er.
86%
Sauron
86%
Sauron,
86%
zu
86%
im
85%
Im
85%
alle
83%
Drei
83%
neun,
83%
neun
83%
es
82%
da
81%
knechten.
81%
Ringe.
80%
Ringe
80%
eine
79%
Sieben
79%
ist
78%
und
78%
Und
78%
Herrscher
77%
Ich
77%
war
77%
war.
77%
was
77%
aus
76%
das
76%
Macht
76%
Welt
76%
Welt.
76%
dunkle
75%
für
75%
dem
74%
Mordor,
74%
Mordor
74%
an
73%
Isildur,
73%
isildur,
73%
Isildur
73%
Schicksal
73%
des
72%
Wandel.
72%
wurde
72%
Hobbit!
71%
mit
71%
sein
71%
Wasser.
70%
Gollum
69%
Gollum.
69%
spüre
69%
einen
68%
Luft.
68%
vor
68%
Doch
67%
Schicksalsberges
67%
von
67%
Von
67%
nicht
66%
Erde.
65%
wurden
65%
Bündnis
64%
Geschöpf
64%
Lande
64%
seine
64%
sich
64%
Stein.
64%
Auenland.
63%
einem
63%
Hallen
63%
um
63%
Bilbo
62%
Feuer
62%
hatte,
62%
hätte
62%
hatte:
62%
nach
62%
verloren
62%
verloren.
62%
Beutlin
61%
Denn
61%
gab,
61%
ging
61%
ihren
61%
rieche
61%
Schatten
61%
Zeit
61%
gegeben,
60%
noch
60%
Ringes.
60%
Ringes
60%
schmiedete
60%
unter
60%
Alles
59%
alles
59%
letztes
59%
Schlacht
59%
Schmieden
59%
Sohn
59%
diese
58%
aller
57%
dass
57%
gefunden,
57%
Hände,
57%
Leben
57%
Leben.
57%
mehr
57%
Volk
57%
Völker
57%
werden.
57%
anderen
56%
betrogen.
56%
kann.
56%
Königs
56%
lang
56%
man
56%
Schwert
56%
geschah
55%
ihn
55%
Zwergenherrschern
55%
Jahre
54%
Mittelerdes
54%
Mittelerdes.
54%
Vergessenheit
54%
verriet
54%
dann
53%
einst
53%
freien
53%
konnte
53%
Wille
53%
allem
52%
als
52%
begann
52%
besiegt.
52%
etwas,
52%
Hängen
52%
nah.
52%
sind
52%
zog
52%
niemand
51%
über
51%
Vaters
51%
verließ
51%
vorstellen
51%
geraten
50%
Sieg
50%
streben.
50%
tief
50%
500
49%
Dunkelheit
49%
Freiheit
49%
gebrochen
49%
Hoffnung
49%
kämpfte
49%
keine
49%
Meisterring,
49%
seines
49%
Böse
48%
diesen
48%
dort
48%
dürfen,
48%
langes
48%
Tod.
48%
großen
47%
ihm
47%
Legende,
47%
Legende
47%
Nebelgebirge
47%
unwahrscheinlichsten
47%
verfiel
47%
beherrschen.
46%
gekommen
46%
lebt
46%
weisesten
46%
ergriff.
45%
Herzen
45%
Hobbits
45%
immer
45%
leicht
45%
nun
45%
erinnert.
44%
Feind
44%
gegen
44%
Geschichte
44%
Moment,
44%
Mythos
44%
vernichten.
44%
Willen
44%
Willen.
44%
brachte
43%
geschenkt,
43%
wird
43%
geriet
42%
neuen
42%
trug.
42%
bestimmen.
41%
Bis
41%
dessen
41%
Osten.
41%
Träger
41%
Vieles
41%
eigenen
40%
gefertigt.
40%
heimlich
40%
hinein
39%
Lebewesen.
39%
suchte.
39%
zweieinhalbtausend
39%
jenem
38%
kommen,
38%
unnatürlich
37%
vergiftete
37%
wusste
37%
beabsichtigt
36%
floss
36%
reinsten
36%
verlieh
36%
Widerstand.
36%
Bosheit
35%
einige
35%
Höhle
35%
Verstand.
35%
eines
33%
Herrschaft
33%
leisteten
33%
bald
32%
Gerüchte
32%
unsterblich
32%
laut
31%
Wald
31%
Bergleuten
30%
Gelegenheit
30%
besitzt
29%
Handwerkern
29%
spürte,
29%
wartete
29%
Reihe
28%
verführen
28%
Gollums
27%
jedes
27%
legte
27%
geschickten
25%
Tages
25%
Grausamkeit,
22%
Stärke
22%
Grauen
21%
Finsternis
20%
unterdrücken.
19%
leiten.
18%
namenloses
18%
gerieten
16%
bargen
14%
ginge
14%
Keine übereinstimmenden Quizze gefunden
Verteilung der Resultate
Anzahl Personen mit jedem Resultat
Perzentil nach korrekt beantworteten Fragen
Ihre Resultats-Entwicklung
Sie haben dieses Quiz noch nicht gespielt